00358nam a2200097Ia 4500008004100000041000800041100003400049245012700083260004200210300000800252230822s2007 xx 000 0 und d aeng aINDIAN GREEN BUILDING COUNCIL aGREEN BUILDING CONGRESS 2006 INTERNATIONAL CONFERENCE ON GREEN BUILDINGS 13&14 OCTOBER 2006 BANGLORE BOOK OF PRESENTATIONS bCONFEDERATION OF INDIA INDUSTRAc2007 a304